LEADER 01552nam 2200421Ia 450 001 996384443003316 005 20200824132440.0 035 $a(CKB)1000000000591817 035 $a(EEBO)2264219611 035 $a(OCoLC)ocm12528427e 035 $a(OCoLC)12528427 035 $a(EXLCZ)991000000000591817 100 $a19850909d1659 uy | 101 0 $aeng 135 $aurbn||||a|bb| 200 10$aNo sacrilege nor sinne to aliene or purchase the lands of bishops or others, vvhose offices are abolished$b[electronic resource] /$fby C.B., D.D 205 $aThe second edition, revised and inlarged. 210 $aLondon $cPrinted by J.C. and sold by Ed. Brewster ...$d1659 215 $a[8], 188 p 300 $aWritten by Cornelius Burges. Cf. NUC pre-1956. 300 $aAuthor's initials appear after edition statement. 300 $aErrata: p. [8]. 300 $aReproduction of original in Union Theological Seminary Library, New York. 300 $aMarginal notes. 330 $aeebo-0160 606 $aChurch property$zGreat Britain 606 $aPrivileges and immunities, Ecclesiastical$zGreat Britain 615 0$aChurch property 615 0$aPrivileges and immunities, Ecclesiastical 700 $aBurges$b Cornelius$f1589?-1665.$01002137 801 0$bEAA 801 1$bEAA 801 2$bm/c 801 2$bWaOLN 906 $aBOOK 912 $a996384443003316 996 $aNo sacrilege nor sinne to aliene or purchase the lands of bishops or others, vvhose offices are abolished$92374697 997 $aUNISA